Southville International School and Colleges
Your cart is empty.
  • Cart
  • Lists
    Public lists Eva Luna New books Lux_list list_1
    Your lists Log in to create your own lists
  • Log in to your account
  • Your cookies
  • Search history
Southville International School and Colleges
  • Advanced search
  • Recent comments
  • Most popular
  • Libraries

Log in to your account

Log in with GOOGLE


If you do not have an external account, but do have a local account, you can still log in:

  1. Home
  2. MARC view: Social psychology and evaluation /
Normal view MARC view ISBD view

Social psychology and evaluation / (Record no. 25852)

[ view plain ]
MARC details
000 -LEADER
fixed length control field 00839nam a22002417a 4500
005 - DATE AND TIME OF LATEST TRANSACTION
control field 20140313100407.0
008 - FIXED-LENGTH DATA ELEMENTS--GENERAL INFORMATION
fixed length control field 131217b xxu||||| |||| 00| 0 eng d
020 ## - INTERNATIONAL STANDARD BOOK NUMBER
International Standard Book Number 9781609182120
050 ## - LIBRARY OF CONGRESS CALL NUMBER
Classification number HM 1033
Item number .So678 2011
245 ## - TITLE STATEMENT
Title Social psychology and evaluation /
Statement of responsibility, etc edited by Melvin M. Mark, Stewart I. Donaldson, Bernadette Campbell.
260 ## - PUBLICATION, DISTRIBUTION, ETC. (IMPRINT)
Place of publication, distribution, etc New York :
Name of publisher, distributor, etc Guilford Press,
Date of publication, distribution, etc 2011.
300 ## - PHYSICAL DESCRIPTION
Extent xii, 420 p. :
Other physical details ill. ;
Dimensions 23 cm.
504 ## - BIBLIOGRAPHY, ETC. NOTE
Bibliography, etc Includes Bibliographic References and Index.
521 ## - TARGET AUDIENCE NOTE
Target audience note
650 ## - SUBJECT ADDED ENTRY--TOPICAL TERM
Topical term or geographic name as entry element Social psychology
General subdivision Methodology.
650 ## - SUBJECT ADDED ENTRY--TOPICAL TERM
Topical term or geographic name as entry element Evaluation.
650 ## - SUBJECT ADDED ENTRY--TOPICAL TERM
Topical term or geographic name as entry element Adult services in public libraries
General subdivision Evaluation.
700 ## - ADDED ENTRY--PERSONAL NAME
Personal name Mark, Melvin M.
Relator term editor.
700 ## - ADDED ENTRY--PERSONAL NAME
Personal name Donaldson, Stewart I.
Relator term editor.
700 ## - ADDED ENTRY--PERSONAL NAME
Personal name Campbell, Bernadette.
Relator term editor.
942 ## - ADDED ENTRY ELEMENTS (KOHA)
Source of classification or shelving scheme Library of Congress Classification
Koha item type Books
Call number prefix Foreign
Holdings
Withdrawn status Lost status Source of classification or shelving scheme Damaged status Home library Current library Shelving location Date acquired Total Checkouts Full call number Barcode Date last seen Copy number Price effective from Koha item type
Withdrawn   Library of Congress Classification   College Library College Library Reserve Section 12/17/2013   HM 1033 .So678 2011 C17320 12/17/2013 1 12/17/2013 Books

Social psychology and evaluation /

APA

Mark M. M., Donaldson S. I. & Campbell B. (2011). Social psychology and evaluation. New York: Guilford Press.

Chicago

Mark Melvin M, Donaldson Stewart I and Campbell Bernadette. 2011. Social psychology and evaluation. New York: Guilford Press.

Harvard

Mark M. M., Donaldson S. I. and Campbell B. (2011). Social psychology and evaluation. New York: Guilford Press.

MLA

Mark Melvin M, Donaldson Stewart I and Campbell Bernadette. Social psychology and evaluation. New York: Guilford Press. 2011.

  • Print
  • Cite
  • Add to your cart (remove)
  • Save record
    BIBTEX Dublin Core MARCXML MARC (non-Unicode/MARC-8) MARC (Unicode/UTF-8) MARC (Unicode/UTF-8, Standard) MODS (XML) RIS
  • More searches
    Search for this title in:
    Other Libraries (WorldCat) Other Databases (Google Scholar) Online Stores (Bookfinder.com) Open Library (openlibrary.org)

Exporting to Dublin Core...

SOUTHVILLE LIBRARY

Southville International School and Colleges Library

1281 Tropical Ave. Cor. Luxembourg St., BF Homes International, Las Pinas City

Tel. No. 8256374 / 252358 Loc. 117/146

Powered by Koha